000 00260 a2200121 4500
000 nam a22 7a 4500
005 20260413125941.0
100 _aMano
_91233934
245 _aDigital design
250 _a6th ed
260 _bPearson
_c2026
942 _cTEXL
999 _c1848256
_d1848256